Vida y obra de Pestalozzi
Na minha lista:
| Autor principal: | |
|---|---|
| Formato: | Livro |
| Idioma: | espanhol |
| Publicado em: |
Buenos Aires
Futuro
1944
|
| Edição: | 1a. ed |
| coleção: | Vidas Ilustres
|
| Assuntos: | |
| Tags: |
Adicionar Tag
Sem tags, seja o primeiro a adicionar uma tag!
|
MARC
| LEADER | 00000cam a2200000 a 4500 | ||
|---|---|---|---|
| 001 | UCD2355 | ||
| 003 | CL-VaPUC | ||
| 008 | 160421e19441005ag |||||||||||||||||spa|d | ||
| 082 | 0 | 4 | |a 923.7 |b GUI |2 21 |
| 100 | 0 | |a Guimps, Roger E |e author |9 585682 | |
| 245 | 1 | 0 | |a Vida y obra de Pestalozzi |
| 250 | |a 1a. ed | ||
| 300 | |a 378 p | ||
| 942 | |c BK | ||
| 945 | |d 20160421 23:07:00 |a arojas | ||
| 260 | |a Buenos Aires |b Futuro |c 1944 | ||
| 600 | 0 | 7 | |a PESTALOZZI, JOHANN HEINRICH |2 CL-VaPUC |9 312105 |
| 650 | 0 | |a Biografías |9 255210 | |
| 650 | 0 | |a Educadores |9 314091 | |
| 650 | 0 | |a Vida y obra |9 311871 | |
| 583 | |a last modification |c 20160421 23:07:00 |k Rodrigo Vera | ||
| 490 | 0 | |a Vidas Ilustres | |
| 999 | |c 363517 |d 363515 | ||
| 952 | |0 0 |1 0 |3 erd |4 0 |6 923_700000000000000_GUI_1944 |7 0 |8 P |9 475972 |a BIBEDU |b BIBEDU |c BIBEDU_PB |e Villagrán Garnham, Jorge |i 5301629 |o 923.7 GUI 1944 |p 5301629 |r 2024-01-25 |w 2019-11-24 |y BK |z Catalogado en:20160421 |k EPE | ||